El rapto de Panamá: el destino manifiesto se institucionaliza 1903

Guardat en:
Dades bibliogràfiques
Format: Text
Etiquetes: Afegir etiqueta
Sense etiquetes, Sigues el primer a etiquetar aquest registre!

MARC

LEADER 00000 a a2200000 04500
001 46860
003
040
245 |a El rapto de Panamá:   |b el destino manifiesto se institucionaliza 1903  
773 |a páginas 21-29  
999 |c 22307  |d 22307